<?xml version="1.0" encoding="UTF-8"?>
<record
    xmlns:xsi="http://www.w3.org/2001/XMLSchema-instance"
    xsi:schemaLocation="http://www.loc.gov/MARC21/slim http://www.loc.gov/standards/marcxml/schema/MARC21slim.xsd"
    xmlns="http://www.loc.gov/MARC21/slim">

  <leader>03081cam a2200349 i 4500</leader>
  <controlfield tag="003">SA-RiAUC</controlfield>
  <controlfield tag="005">20241104120006.0</controlfield>
  <controlfield tag="008">241103s2004    su     f      000 0 ara c</controlfield>
  <datafield tag="024" ind1="0" ind2=" ">
    <subfield code="a">00000000292289</subfield>
  </datafield>
  <datafield tag="024" ind1="0" ind2=" ">
    <subfield code="a">00000000983032</subfield>
  </datafield>
  <datafield tag="040" ind1=" " ind2=" ">
    <subfield code="a">SA-RiKSU</subfield>
    <subfield code="b">ara</subfield>
    <subfield code="c">SA-RiAUC</subfield>
    <subfield code="d">KAC</subfield>
    <subfield code="e">rda</subfield>
  </datafield>
  <datafield tag="050" ind1=" " ind2="4">
    <subfield code="b">A36 2004</subfield>
  </datafield>
  <datafield tag="082" ind1="0" ind2="4">
    <subfield code="a">251</subfield>
    <subfield code="q">SA-RiAUC</subfield>
  </datafield>
  <datafield tag="090" ind1=" " ind2=" ">
    <subfield code="a">251</subfield>
    <subfield code="b">&#x641; &#x644; &#x648;</subfield>
  </datafield>
  <datafield tag="100" ind1="1" ind2=" ">
    <subfield code="a">&#x641;&#x644;&#x648;&#x633;&#x64A;&#x60C; &#x645;&#x633;&#x639;&#x648;&#x62F;&#x60C;</subfield>
    <subfield code="d">1968-</subfield>
    <subfield code="e">&#x645;&#x624;&#x644;&#x641;.</subfield>
  </datafield>
  <datafield tag="245" ind1="1" ind2="0">
    <subfield code="a">&#x645;&#x62F;&#x631;&#x633;&#x629; &#x627;&#x644;&#x645;&#x62A;&#x643;&#x644;&#x645;&#x64A;&#x646; &#x648;&#x645;&#x646;&#x647;&#x62C;&#x647;&#x627; &#x641;&#x64A; &#x62F;&#x631;&#x627;&#x633;&#x629; &#x623;&#x635;&#x648;&#x644; &#x627;&#x644;&#x641;&#x642;&#x647; /</subfield>
    <subfield code="c">&#x62A;&#x623;&#x644;&#x64A;&#x641; &#x627;&#x644;&#x62F;&#x643;&#x62A;&#x648;&#x631; &#x645;&#x633;&#x639;&#x648;&#x62F; &#x628;&#x646; &#x645;&#x648;&#x633;&#x649; &#x641;&#x644;&#x648;&#x633;&#x64A;.</subfield>
  </datafield>
  <datafield tag="250" ind1=" " ind2=" ">
    <subfield code="a">&#x627;&#x644;&#x637;&#x628;&#x639;&#x629; &#x627;&#x644;&#x623;&#x648;&#x644;&#x649;.</subfield>
  </datafield>
  <datafield tag="264" ind1=" " ind2="1">
    <subfield code="a">&#x627;&#x644;&#x631;&#x64A;&#x627;&#x636; :</subfield>
    <subfield code="b">&#x645;&#x643;&#x62A;&#x628;&#x629; &#x627;&#x644;&#x631;&#x634;&#x62F; &#x646;&#x627;&#x634;&#x631;&#x648;&#x646;&#x60C;</subfield>
    <subfield code="c">2004.</subfield>
  </datafield>
  <datafield tag="300" ind1=" " ind2=" ">
    <subfield code="a">448 &#x635;&#x641;&#x62D;&#x629; &#x61B;</subfield>
    <subfield code="c">24 &#xD7; 17 &#x633;&#x645;</subfield>
  </datafield>
  <datafield tag="336" ind1=" " ind2=" ">
    <subfield code="a">&#x646;&#x635;</subfield>
    <subfield code="b">txt</subfield>
    <subfield code="2">rdacontent</subfield>
    <subfield code="3">&#x643;&#x62A;&#x627;&#x628;</subfield>
  </datafield>
  <datafield tag="337" ind1=" " ind2=" ">
    <subfield code="a">&#x628;&#x62F;&#x648;&#x646; &#x648;&#x633;&#x64A;&#x637;</subfield>
    <subfield code="b">n</subfield>
    <subfield code="2">rdamedia</subfield>
  </datafield>
  <datafield tag="338" ind1=" " ind2=" ">
    <subfield code="a">&#x645;&#x62C;&#x644;&#x62F;</subfield>
    <subfield code="b">nc</subfield>
    <subfield code="2">rdacarrier</subfield>
  </datafield>
  <datafield tag="500" ind1=" " ind2=" ">
    <subfield code="a">&#x627;&#x644;&#x623;&#x635;&#x644; &#x623;&#x637;&#x631;&#x648;&#x62D;&#x629; &#x645;&#x627;&#x62C;&#x633;&#x62A;&#x64A;&#x631; &#x627;&#x644;&#x645;&#x639;&#x647;&#x62F; &#x627;&#x644;&#x648;&#x637;&#x646;&#x64A; &#x644;&#x644;&#x639;&#x644;&#x648;&#x645; &#x627;&#x644;&#x625;&#x633;&#x644;&#x627;&#x645;&#x64A;&#x629; &#x641;&#x64A; &#x62C;&#x627;&#x645;&#x639;&#x629; &#x628;&#x627;&#x62A;&#x646;&#x629;&#x60C; &#x627;&#x644;&#x62C;&#x632;&#x627;&#x626;&#x631;&#x60C; 1994.</subfield>
  </datafield>
  <datafield tag="504" ind1=" " ind2=" ">
    <subfield code="a">&#x628;&#x628;&#x644;&#x64A;&#x648;&#x62C;&#x631;&#x627;&#x641;&#x64A;&#x629; : &#x635;&#x641;&#x62D;&#x629; 419-437.</subfield>
  </datafield>
  <datafield tag="505" ind1="0" ind2=" ">
    <subfield code="a">&#x627;&#x644;&#x645;&#x62D;&#x62A;&#x648;&#x64A;&#x627;&#x62A; : &#x62A;&#x645;&#x647;&#x64A;&#x62F; : &#x627;&#x644;&#x62A;&#x639;&#x631;&#x64A;&#x641; &#x628;&#x639;&#x644;&#x645; &#x623;&#x635;&#x648;&#x644; &#x627;&#x644;&#x641;&#x642;&#x647; &#x648;&#x628;&#x64A;&#x627;&#x646; &#x646;&#x634;&#x623;&#x62A;&#x647; &#x648;&#x62A;&#x62F;&#x648;&#x64A;&#x646;&#x647; &#x648;&#x645;&#x62F;&#x627;&#x631;&#x633;&#x647; 13-96 : &#x627;&#x644;&#x645;&#x628;&#x62D;&#x62B; &#x627;&#x644;&#x623;&#x648;&#x644; : &#x627;&#x644;&#x62A;&#x639;&#x631;&#x64A;&#x641; &#x628;&#x639;&#x644;&#x645; &#x623;&#x635;&#x648;&#x644; &#x627;&#x644;&#x641;&#x642;&#x647; &#x648;&#x628;&#x64A;&#x627;&#x646; &#x645;&#x648;&#x636;&#x648;&#x639;&#x647; ...-&#x627;&#x644;&#x628;&#x627;&#x628; &#x627;&#x644;&#x623;&#x648;&#x644; : &#x645;&#x62F;&#x631;&#x633;&#x629; &#x627;&#x644;&#x645;&#x62A;&#x643;&#x644;&#x645;&#x64A;&#x646; : &#x62A;&#x627;&#x631;&#x64A;&#x62E;&#x647;&#x627; &#x648;&#x631;&#x62C;&#x627;&#x644;&#x647;&#x627; &#x648;&#x62F;&#x631;&#x627;&#x633;&#x627;&#x62A;&#x647;&#x645; &#x627;&#x644;&#x623;&#x635;&#x648;&#x644;&#x64A;&#x629; 97-289-&#x627;&#x644;&#x628;&#x627;&#x628; &#x627;&#x644;&#x62B;&#x627;&#x646;&#x64A; : &#x645;&#x635;&#x627;&#x62F;&#x631; &#x645;&#x62F;&#x631;&#x633;&#x629; &#x627;&#x644;&#x645;&#x62A;&#x643;&#x644;&#x645;&#x64A;&#x646; &#x648;&#x645;&#x646;&#x647;&#x62C;&#x647;&#x627; &#x641;&#x64A; &#x62F;&#x631;&#x627;&#x633;&#x629; &#x627;&#x644;&#x642;&#x648;&#x627;&#x639;&#x62F; &#x627;&#x644;&#x623;&#x635;&#x648;&#x644;&#x64A;&#x629; 291-408 : &#x627;&#x644;&#x641;&#x635;&#x644; &#x627;&#x644;&#x623;&#x648;&#x644; : &#x645;&#x635;&#x627;&#x62F;&#x631; &#x62F;&#x631;&#x627;&#x633;&#x629; &#x627;&#x644;&#x642;&#x648;&#x627;&#x639;&#x62F; &#x627;&#x644;&#x623;&#x635;&#x648;&#x644;&#x64A;&#x629; &#x639;&#x646;&#x62F; &#x627;&#x644;&#x623;&#x635;&#x648;&#x644;&#x64A;&#x64A;&#x646; &#x627;&#x644;&#x645;&#x62A;&#x643;&#x644;&#x645;&#x64A;&#x646; ... &#x648;&#x645;&#x648;&#x636;&#x648;&#x639;&#x627;&#x62A; &#x623;&#x62E;&#x631;&#x649;.</subfield>
  </datafield>
  <datafield tag="520" ind1=" " ind2=" ">
    <subfield code="a">&#x64A;&#x62A;&#x646;&#x627;&#x648;&#x644; &#x643;&#x62A;&#x627;&#x628; (&#x645;&#x62F;&#x631;&#x633;&#x629; &#x627;&#x644;&#x645;&#x62A;&#x643;&#x644;&#x645;&#x64A;&#x646; &#x648;&#x645;&#x646;&#x647;&#x62C;&#x647;&#x627; &#x641;&#x64A; &#x62F;&#x631;&#x627;&#x633;&#x629; &#x623;&#x635;&#x648;&#x644; &#x627;&#x644;&#x641;&#x642;&#x647;) &#x648;&#x627;&#x644;&#x630;&#x64A; &#x642;&#x627;&#x645; &#x628;&#x62A;&#x623;&#x644;&#x64A;&#x641;&#x647; &#x62F;. &#x645;&#x633;&#x639;&#x648;&#x62F; &#x628;&#x646; &#x645;&#x648;&#x633;&#x649; &#x641;&#x644;&#x648;&#x633;&#x64A;&#x60C; &#x645;&#x648;&#x636;&#x648;&#x639; (&#x627;&#x644;&#x646;&#x648;&#x627;&#x632;&#x644;) &#x627;&#x644;&#x643;&#x62A;&#x627;&#x628; &#x64A;&#x62D;&#x62F;&#x62B;&#x646;&#x627; &#x627;&#x644;&#x628;&#x627;&#x62D;&#x62B; &#x641;&#x64A;&#x647; &#x639;&#x646; &#x639;&#x644;&#x645; &#x623;&#x635;&#x648;&#x644; &#x627;&#x644;&#x641;&#x642;&#x647; &#x645;&#x646; &#x62D;&#x64A;&#x62B; &#x646;&#x634;&#x623;&#x62A;&#x647; &#x648;&#x62A;&#x637;&#x648;&#x631;&#x647; &#x648;&#x642;&#x648;&#x627;&#x639;&#x62F;&#x647; &#x648;&#x645;&#x62F;&#x627;&#x631;&#x633;&#x647;&#x60C; &#x648;&#x628;&#x64A;&#x627;&#x646; &#x645;&#x648;&#x636;&#x648;&#x639;&#x647; &#x62D;&#x62A;&#x649; &#x639;&#x635;&#x631; &#x627;&#x644;&#x62A;&#x62F;&#x648;&#x64A;&#x646;. &#x648;&#x627;&#x643;&#x62A;&#x645;&#x627;&#x644; &#x627;&#x644;&#x642;&#x648;&#x627;&#x639;&#x62F; &#x627;&#x644;&#x623;&#x635;&#x648;&#x644;&#x64A;&#x629; &#x641;&#x64A; &#x639;&#x635;&#x631; &#x627;&#x644;&#x623;&#x626;&#x645;&#x629; &#x627;&#x644;&#x645;&#x62C;&#x62A;&#x647;&#x62F;&#x64A;&#x646;&#x60C; &#x648;&#x645;&#x62F;&#x631;&#x633;&#x629; &#x627;&#x644;&#x645;&#x62A;&#x643;&#x644;&#x645;&#x64A;&#x646;: &#x645;&#x646; &#x62E;&#x644;&#x627;&#x644; &#x628;&#x64A;&#x627;&#x646; &#x62A;&#x627;&#x631;&#x64A;&#x62E;&#x647;&#x627; &#x648;&#x631;&#x62C;&#x627;&#x644;&#x647;&#x627; &#x648;&#x62F;&#x631;&#x627;&#x633;&#x627;&#x62A;&#x647;&#x645; &#x627;&#x644;&#x623;&#x635;&#x648;&#x644;&#x64A;&#x629;&#x60C; &#x648;&#x645;&#x635;&#x627;&#x62F;&#x631; &#x645;&#x62F;&#x631;&#x633;&#x629; &#x627;&#x644;&#x645;&#x62A;&#x643;&#x644;&#x645;&#x64A;&#x646; &#x648;&#x645;&#x646;&#x647;&#x62C;&#x647;&#x627; &#x641;&#x64A; &#x62F;&#x631;&#x627;&#x633;&#x629; &#x627;&#x644;&#x642;&#x648;&#x627;&#x639;&#x62F; &#x627;&#x644;&#x623;&#x635;&#x648;&#x644;&#x64A;&#x629;. &#x643;&#x645;&#x627; &#x630;&#x643;&#x631; &#x627;&#x644;&#x628;&#x627;&#x62D;&#x62B; &#x623;&#x633;&#x645;&#x627;&#x621; &#x627;&#x644;&#x623;&#x635;&#x648;&#x644;&#x64A;&#x64A;&#x646; &#x648;&#x645;&#x646;&#x647;&#x62C;&#x647;&#x645; &#x628;&#x627;&#x644;&#x62A;&#x641;&#x635;&#x64A;&#x644; &#x645;&#x639; &#x627;&#x644;&#x627;&#x633;&#x62A;&#x634;&#x647;&#x627;&#x62F; &#x628;&#x645;&#x635;&#x646;&#x641;&#x627;&#x62A;&#x647;&#x645; &#x648;&#x623;&#x642;&#x648;&#x627;&#x644;&#x647;&#x645;&#x60C; &#x648;&#x627;&#x62E;&#x62A;&#x62A;&#x645; &#x643;&#x62A;&#x627;&#x628;&#x647; &#x628;&#x62A;&#x648;&#x635;&#x64A;&#x627;&#x62A; &#x646;&#x641;&#x64A;&#x633;&#x629; &#x644;&#x644;&#x637;&#x644;&#x627;&#x628; &#x648;&#x627;&#x644;&#x628;&#x627;&#x62D;&#x62B;&#x64A;&#x646;. </subfield>
  </datafield>
  <datafield tag="520" ind1=" " ind2=" ">
    <subfield code="a">&#x641;&#x64A; &#x623;&#x635;&#x648;&#x644; &#x627;&#x644;&#x641;&#x642;&#x647;.</subfield>
  </datafield>
  <datafield tag="650" ind1=" " ind2="7">
    <subfield code="a">&#x623;&#x635;&#x648;&#x644; &#x627;&#x644;&#x641;&#x642;&#x647; &#x627;&#x644;&#x625;&#x633;&#x644;&#x627;&#x645;&#x64A;</subfield>
    <subfield code="2">aucsh</subfield>
  </datafield>
  <datafield tag="942" ind1=" " ind2=" ">
    <subfield code="2">ddc</subfield>
    <subfield code="c">BOOK</subfield>
    <subfield code="n">0</subfield>
  </datafield>
  <datafield tag="949" ind1=" " ind2=" ">
    <subfield code="a">SA-JeALM</subfield>
    <subfield code="d">241103</subfield>
    <subfield code="u">mohamedma123</subfield>
    <subfield code="n">1</subfield>
  </datafield>
  <datafield tag="952" ind1=" " ind2=" ">
    <subfield code="0">0</subfield>
    <subfield code="1">0</subfield>
    <subfield code="2">ddc</subfield>
    <subfield code="4">0</subfield>
    <subfield code="7">0</subfield>
    <subfield code="a">WAHAB</subfield>
    <subfield code="b">WAHAB</subfield>
    <subfield code="d">2024-11-04</subfield>
    <subfield code="l">0</subfield>
    <subfield code="o">251 &#x641; &#x644; &#x648;</subfield>
    <subfield code="p">000003106</subfield>
    <subfield code="r">2024-11-04 12:01:01</subfield>
    <subfield code="w">2024-11-04</subfield>
    <subfield code="y">BOOK</subfield>
  </datafield>
  <datafield tag="952" ind1=" " ind2=" ">
    <subfield code="0">0</subfield>
    <subfield code="1">0</subfield>
    <subfield code="2">ddc</subfield>
    <subfield code="4">0</subfield>
    <subfield code="7">0</subfield>
    <subfield code="a">WAHAB</subfield>
    <subfield code="b">WAHAB</subfield>
    <subfield code="d">2024-11-06</subfield>
    <subfield code="l">0</subfield>
    <subfield code="o">251 &#x641; &#x644; &#x648;</subfield>
    <subfield code="p">000003265</subfield>
    <subfield code="r">2024-11-06 08:41:23</subfield>
    <subfield code="w">2024-11-06</subfield>
    <subfield code="y">BOOK</subfield>
  </datafield>
  <datafield tag="999" ind1=" " ind2=" ">
    <subfield code="c">2028</subfield>
    <subfield code="d">2028</subfield>
  </datafield>
</record>
